| 000 | 00690 a2200253 4500 | ||
|---|---|---|---|
| 999 |
_c77311 _d28863 |
||
| 001 | 77311 | ||
| 003 | TR-AnTOB | ||
| 005 | 20190506164026.0 | ||
| 008 | 100805s1976 tu 000 0 | ||
| 040 |
_aTR-AnTOB _cTR-AnTOB |
||
| 041 | _atur | ||
| 050 | 1 | 4 |
_aBP15.I78 _bM34 1976 |
| 090 | _aBP15.I78 M34 1976 | ||
| 245 | 0 | _aMakaleler, yorumlar. | |
| 264 | 1 |
_aAnkara: _bBasın-Yayın Genel Müdürlüğü, _c1976. |
|
| 300 |
_a144 s. ; _c21 cm. |
||
| 336 |
_2rdacontent _atext _btxt |
||
| 337 |
_2rdamedia _aunmediated _bn |
||
| 338 |
_2rdacarrier _avolume _bnc |
||
| 590 | _aSn.Celil Güngör tarafından bağışlanmıştır. | ||
| 611 | 2 | 0 |
_9124602 _aIslamic Conference |
| 942 |
_cBK _2lcc |
||